000 00585nam a2200241Ia 4500
003 OSt
005 20260209102310.0
008 210210b xxu||||| |||| 00| 0 eng d
020 _a8175300086
040 _cAL
041 _aeng
082 _a820.33 DESJ
100 _aAnita Desai
_9254033
245 _aJourney to Ithiaca
_b: a novel
260 _aNew Delhi
_bRavi Dayal Publisher
300 _aviii,301p
650 _aJourney
_9254036
650 _aIthiaca
_9254037
650 _aa
_9254038
690 _aIndian English Fiction
_9254039
906 _aSG03733
942 _2ddc
_cSG
999 _c114523
_d114523